Logo BPK

Biblioteka

Politechniki Koszalińskiej

Przekształcenia i złożoność obliczeniowa problemów w teorii automatów / (Rekord nr 28529)

Szczegóły MARC
000 -ETYKIETA REKORDU
podpole kontrolne o stałej długości 00366nam a2200133 i 4500
001 - NUMER KONTROLNY REKORDU
pole kontrolne bg
040 ## - ŹRÓDŁO KATALOGOWANIA
Instytucja, która utworzyła rekord BPK
041 ## - KOD JĘZYKA
Kod języka tekstu pol
008 - POLE O STAŁEJ DŁUGOŚCI - DANE KONTROLNE
podpole kontrolne o stałej długości s pl f |000 0 pol
100 1# - NAZWA OSOBOWA
Nazwa osobowa MIKOŁAJCZAK, Bolesław
245 #0 - TYTUŁ/ODPOWIEDZIALNOŚĆ
Tytuł Przekształcenia i złożoność obliczeniowa problemów w teorii automatów /
Pozostałe elementy strefy tytułu i oznaczenia odpowiedzialności B.Mikołajczk.
260 ## - STREFA ADRESU WYDAWNICZEGO
Miejsce wydania Warszawa,
Data publikacji, dystrybucji/powstania dokumentu 1988.
856 ## - LOKALIZACJA I DOSTĘP DO ELEKTRONICZNYCH DOKUMENTÓW ZDALNYCH
Link (URL) http://koha.tu.koszalin.pl/cgi-bin/koha/opac-detail.pl?biblionumber=28529
Tekst linku Katalog online BPK
942 ## - DODATKOWE ELEMENTY (KOHA)
Typ dokumentu Książka
Egzemplarze
Wycofany Status egzemplarza Uszkodzony Dostępność Lokalizacja stała Lokalizacja bieżąca Miejsce przechowywania Sygnatura Kod kreskowy Typ dokumentu
      Dostępny Biblioteka Politechniki Koszalińskiej Biblioteka Politechniki Koszalińskiej Wypożyczalnia BG 34363 01585759 Książka
© 2023 Biblioteka Politechniki Koszalińskiej :: KOHA